00419 2200157 4500001002100000008004100021035002000062245004400082100002300126260003100149300002100180020000600201082001000207650003100217990001300248INLIS000000000001165 ind  a0010-0423001165 aKUMPULAN KISAH ABUNAWAS DIHUKUM GANTUNG aMB. RAHIMSYAH A.R. aSURABAYAbSERBA JAYAc2010 a112 hlm.c20 cm. a- a398.5 aBUKU-BUKU DONGENG , BALADA a102771-1